History Quiz

Random History or Clickable Quiz
Score 0/36 Timer 06:00
0 Plays Today
% Correct
Martin Luther King
95.2%
Neil Armstrong
95%
Robert E. Lee
93.9%
Malcolm X
93.8%
Ulysses S. Grant
93.7%
Stonewall Jackson
89%
Alfred Hitchcock
88.4%
Dwight D. Eisenhower
88.3%
Douglas MacArthur
88%
Susan B. Anthony
86.3%
John Glenn
86.1%
Alexander Hamilton
84.3%
Mel Brooks
83.2%
James Madison
82.2%
Jackson Pollock
81%
Ruth Bader Ginsburg
78.7%
John Steinbeck
75.2%
Georgia O'Keeffe
74.9%
% Correct
Sonia Sotomayor
74.4%
Henry David Thoreau
73.9%
Elizabeth Cady Stanton
73.8%
Sally Ride
72.7%
Ralph Waldo Emerson
72%
Orson Welles
71.8%
John Jay
69%
Jerry Yang
67.9%
Walt Whitman
66.2%
Larry Page
66.2%
Omar Bradley
59%
Sergey Brin
58.2%
Sojourner Truth
56.5%
Toni Morrison
52.9%
Cesar Chavez
50.4%
Mary Cassatt
47.7%
Pearl S. Buck
45%
Benjamin Cardozo
44.5%
Remove Ads.
Support Sporcle.
Get the best of Sporcle when you Go Orange. This ad-free experience offers more features, more stats, and more fun while also helping to support Sporcle. Thank you for becoming a member.

You're not logged in!

Compare scores with friends on all Sporcle quizzes.
OR
Log In

Show Comments

Extras

Top Quizzes Today


Score Distribution

Your Account Isn't Verified!

In order to create a playlist on Sporcle, you need to verify the email address you used during registration. Go to your Sporcle Settings to finish the process.

Report this User

Report this user for behavior that violates our Community Guidelines.

Details: